Responses for Show #6181 - Monday, June 27, 2011

Jay Rhee game 6.

Contestants

[<< previous game]

Dan Carroll, a project manager from Marietta, Georgia

Adam Marshall, a student of government originally from Bethesda, Maryland

Jay Rhee, an oncologist from Annapolis, Maryland (whose 5-day cash winnings total $107,203)

[next game >>]

Jeopardy! Round responses

ROMAN 'ROUND MYTHOLOGY
BAND DEBUTS BY DECADE
PICKUP ARTISTS
SIGNAGE
HINDSIGHT IS 1920
WORD ORIGINS
    $200 5
Juno

Jay
    $200 2
the 1950s

Jay
    $200 1
Dodge

Adam
    $200 21
Quebec

Jay
    $200 13
(Warren G.) Harding

Adam
    $200 26
Wednesday

Adam
    $400 6
Neptune

Adam
    $400 4
the '90s

Adam
    $400 3
(Adam: What is Toyota?)

GMC

JayAdam
    $400 22
exit

Jay
    $400 14
Babe Ruth

Jay
    $400 28
the jackal

Adam
    $600 7
(Dan: What is Saturn?)

Mercury

AdamDan
    $600 9
the '70s

Jay
    $600 18
Toyota

Dan
    $600 23
schoolchildren

Adam
    $600 15
the Gulf Oil Spill

Adam
    $600 29
act

Adam
    $800 8
Mars

Jay
    $800 10
the '80s

Dan
    $800 19
Ford

Dan
    $800 24
cock-fighting

Jay
    $800 16
(Adam: What is Austria-Hungary?)

Germany

AdamDan
    $3,000 27
(Adam: What is perturbed?)

petulant

Adam
    $1000 12
(Jay: Who is Hephaestus?)
...
(Alex: Roman god, not Greek.)

Vulcan

JayAdam
    $1000 11
the 2000s

Adam
    $1000 20
Honda

Adam
    $1000 25
Medici

Jay
    $1000 17
Poland

Adam
    $1000 30
(Dan: What is pine?)

the eucalyptus

Dan
Triple Stumper

Scores at the first commercial break (after clue 15):

Jay Adam Dan
$1,600 $4,000 $200

Scores at the end of the Jeopardy! Round:

Jay Adam Dan
$4,000 $4,000 $1,400

Double Jeopardy! Round responses

BOOKS & AUTHORS
DAS KAPITALISTS
BIBLICAL ART
MOVIE REMAKES
OXFORD
A NATURAL "HIGH"
    $400 3
Dan Brown

Jay
    $400 23
Adidas

Adam
    $400 17
David

Adam
    $400 1
True Grit

Jay
    $400 12
Connecticut

Jay
    $400 21
the highwire

Adam
    $800 5
the Blind Side

Jay
    $800 24
Nuremberg

Adam
    $800 18
the Good Samaritan

Jay
    $800 16
You've Got Mail

Adam
    $800 26
Ohio

Adam
    $800 27
highbrow

Adam
    $1200 8
(Kurt) Vonnegut

Jay
    $1200 13
bears

Adam
    $1200 2
Lazarus

Adam
    $1200 15
An Affair to Remember

Dan
    $1200 9
Mississippi

Jay
    $1200 28
high beams

Dan
    $1600 14
(Candace) Bushnell

Jay
    $1600 7
(Jay: Who is Mercedes?)

(Karl) Benz

JayAdam
    $1600 4
Mary Magdalene

Adam
    $6,200 19
Clash of the Titans

Jay
    $1600 10
Massachusetts

Dan
    $1600 29
highwayman

Adam
    $2000 22
(Dan: What is Rabbit?)

Wapshot

Dan
Triple Stumper
    $2000 25
Messerschmitt

Adam
    $3,000 6
(Jay: Who is Isaac?)

Samson

Jay
    $2000 20
Disturbia

Dan
    $2000 11
North Carolina

Dan
    $2000 30
high-strung

Adam

Scores at the end of the Double Jeopardy! Round:

Jay Adam Dan
$12,400 $19,600 $7,400

[wagering suggestions for these scores]

Final Jeopardy! Round responses

GAMES
DanWhat is Scrabble Texas Hold 'em?
$7,399
JayWhat is Te Texa Texas Hold 'Em?
$12,400
AdamWhat is Texas Hold 'Em?
$7,000
Texas hold 'em

Final scores:

Jay Adam Dan
$24,800 $26,600 $14,799
2nd place: $2,000 New champion: $26,600 3rd place: $1,000

Game dynamics:

Coryat scores:

Jay Adam Dan
$10,800 $22,600 $7,400
19 R
(including 1 DD),
3 W
(including 1 DD)
28 R,
3 W
(including 1 DD)
9 R,
3 W

Combined Coryat: $40,800

[game clues] [game scores] [suggest correction]

Game tape date: 2011-03-02
The J! Archive is created by fans, for fans. Scraping, republication, monetization, and malicious use prohibited; this site may use cookies and collect identifying information. See terms. The Jeopardy! game show and all elements thereof, including but not limited to copyright and trademark thereto, are the property of Jeopardy Productions, Inc. and are protected under law. This website is not affiliated with, sponsored by, or operated by Jeopardy Productions, Inc. Join the discussion at JBoard.tv.